| 000 | 00810cam a22002532 4500 | ||
|---|---|---|---|
| 001 | 0000025427 | ||
| 005 | 20151217154539.0 | ||
| 008 | 150915s xx 000 0 eng d | ||
| 020 | _a0199654673 : | ||
| 040 |
_aKABU _cKABU |
||
| 245 | 1 | 0 |
_aInternational law / _cedited by Malcolm D. Evans. |
| 250 | _a4th ed. | ||
| 260 |
_aOxford : _bO.U.P, _c2014. |
||
| 300 | _alxxiii, 873 p. | ||
| 650 | 0 |
_aInternational law. _@0000158696 |
|
| 700 | 1 |
_aEvans, Malcolm D. _@0000182390 |
|
| 908 | _a150915 | ||
| 950 | _@1 | ||
| 999 |
_c11699 _d11699 |
||